000 00799nam a22002057a 4500
008 090202t xxu||||| |||| 00| 0 eng d
010 _aENG-92769
020 _c75.00
_a9788189840518
035 _aEN-76302
037 _bDBAD / PUB
040 _adpl
_bEnglish
082 _a882.08
100 _aNazira Begum A.
245 _aBlue roses an anliysis of women characters of Tenessee Williams /
_cby Nazira Begum A.
260 _aErode
_bPallavi Pathippagam S. India
_c2008
270 _a194, Kanna Complex, Mettur Road,
_bErode
_e11
300 _a96p. :
_c19cm (pbk)
942 _2ddc
_cEN
_mNAZ
_h882.08
999 _c22873
_d22873